Statystyki dla Flagi państw NATO

Kliknij tutaj aby rozwiązać quiz!

Ogólne statystyki

  • Ten quiz został rozwiązany 629 razy
    (34 od ostatniego zresetowania)
  • Średni wynik to 27 z 32

Statystyki odpowiedzi

Odpowiedź% Poprawnych
Albania
100%
Belgia
100%
Czechy
96%
Dania
96%
Estonia
96%
Finlandia
96%
Bułgaria
93%
Chorwacja
93%
Francja
93%
Grecja
93%
Hiszpania
93%
Kanada
89%
czarnogóra
82%
Holandia
82%
Islandia
82%
Litwa
82%
Łotwa
82%
Niemcy
82%
Norwegia
82%
Polska
79%
Portugalia
79%
Szwecja
79%
Macedonia Północna
75%
Słowacja
75%
Stany Zjednoczone
75%
Turcja
75%
Wielka Brytania
75%
Włochy
75%
Luksemburg
71%
Rumunia
71%
Słowenia
71%
Węgry
71%

Rozkład punktacji

Percentyl według liczby udzielonych odpowiedzi

Procent ludzi z każdym wynikiem

Twoja historia wyników

Nie rozwiązałeś tego quizu od ostatniego zresetowania